| 000 | 00497nam a2200193Ia 4500 | ||
|---|---|---|---|
| 008 | 170918s9999 xx 000 0 und d | ||
| 020 | _a9780439640213 | ||
| 050 | _bA556 2002 | ||
| 100 | _aAndreae, Giles | ||
| 245 | _aK is for kissing a cool kangaroo / | ||
| 245 | _cby Giles Andreae ; illustrated by Guy Parker-Rees. | ||
| 260 | _aNew York : | ||
| 260 | _bScholastic, | ||
| 260 | _c2002 | ||
| 300 | _aunpaged : | ||
| 300 | _bcolored illustration ; | ||
| 300 | _c28cm. | ||
| 500 | _aBR | ||
| 999 |
_c342991 _d342991 |
||